00262nam a2200097Ia 4500008004100000082001700041100001700058245006100075260002000136300000800156210430s9999 xx 000 0 und d a330.01P1531T aTom G.Palmer aEcnomics Freedom network Pakistan(english)cTom G.Palmer aIslamabadc2011 a140